Fundamentos de ingeniería eléctrica
Saved in:
| Main Author: | |
|---|---|
| Format: | Book |
| Language: | Spanish |
| Published: |
México : McGraw-Hill,
c1976.
|
| Tags: |
Add Tag
No Tags, Be the first to tag this record!
|
MARC
| LEADER | 00000nam a2200000Ia 4500 | ||
|---|---|---|---|
| 003 | 001921 | ||
| 005 | 20221231143939.0 | ||
| 008 | 140114s1976 mx a 000 ||spa d | ||
| 040 | |c cru CEDI | ||
| 082 | |a 621.3 F553f | ||
| 100 | |a Fitzgerald, Arthur Eugene, n. 1909 |9 19465 | ||
| 245 | |a Fundamentos de ingeniería eléctrica | ||
| 260 | |a México : McGraw-Hill, |c c1976. | ||
| 300 | |a xii, 779 páginas : ilustraciones ; 23 cm | ||
| 942 | |2 ddc |c BK | ||
| 999 | |c 14630 |d 14630 | ||
